书目信息 |
| 题名: |
新会计准则商业会计实务与涉税避税操作技巧
|
|
| 作者: | 莫桂莉 编著 | |
| 分册: | ||
| 出版信息: | 北京 企业管理出版社 2007.06 |
|
| 页数: | 438页 | |
| 开本: | 23cm | |
| 丛书名: | 新会计准则培训丛书 | |
| 单 册: | ||
| 中图分类: | F715.51 | |
| 科图分类: | ||
| 主题词: | 商业经济--国内 | |
| 电子资源: | ||
| ISBN: | 978-7-80197-720-5 | |
| 000 | 00736nam0 2200217 450 | |
| 001 | 0954143084 | |
| 005 | 20091217150512.90 | |
| 010 | @a978-7-80197-720-5@dCNY58.00 | |
| 100 | @a20091217d2007 km y0chiy0120 ea | |
| 101 | 0 | @achi |
| 102 | @aCN@b110000 | |
| 200 | 1 | @a新会计准则商业会计实务与涉税避税操作技巧@Axin kuai ji zhun ze shang ye kuai ji shi wu yu she shui bi shui cao zuo ji qiao@f莫桂莉等编著@Fmo gui li deng bian zhu |
| 210 | @a北京@c企业管理出版社@d2007.06 | |
| 215 | @a438页@d23cm | |
| 225 | 2 | @a新会计准则培训丛书 |
| 410 | 0 | @12001 @a新会计准则培训丛书 |
| 606 | 0 | @a商业经济@x国内 |
| 690 | @aF715.51@v4 | |
| 701 | 0 | @a莫桂莉@Amo gui li@4编著 |
| 801 | 0 | @aCN@b山东省滨州职业学院图书馆@c20091217 |
| 905 | @aBZT@dF715.51@e2 | |
| 新会计准则商业会计实务与涉税避税操作技巧/莫桂莉等编著.-北京:企业管理出版社,2007.06 |
| 438页;23cm.-(新会计准则培训丛书) |
| ISBN 978-7-80197-720-5:CNY58.00 |
| ● |
| 相关链接 |
|
|
|
正题名:新会计准则商业会计实务与涉税避税操作技巧
索取号:F715.51/2
 
预约/预借
| 序号 | 登录号 | 条形码 | 馆藏地/架位号 | 状态 | 备注 |
| 1 | 728523 | 2000728523 | 样本书库/样003架A面4层1列/ [索取号:F715.51/2] | 在馆 | |
| 2 | 728524 | 2000728524 | 中心书库北库/ 北库020架B面1列1层42/ [索取号:F715.51/2] | 在馆 | |
| 3 | 728525 | 2000728525 | 中心书库北库/ 北库020架B面1列1层45/ [索取号:F715.51/2] | 在馆 | |
| 4 | 728526 | 2000728526 | 中心书库北库/ 北库020架B面1列1层43/ [索取号:F715.51/2] | 在馆 | |
| 5 | 728527 | 2000728527 | 中心书库北库/ 北库020架B面1列1层44/ [索取号:F715.51/2] | 在馆 |